| 000 | 00586 a2200241 4500 | ||
|---|---|---|---|
| 003 | Nust | ||
| 005 | 20170207154017.0 | ||
| 020 | _a0-672-32542-X | ||
| 035 | _a(Mo)b1508349 | ||
| 040 | _cNust | ||
| 082 | 0 | 4 | _a006.7 |
| 082 | 0 | 4 | _aa005.2'768 |
| 100 | 1 | _aWalther, Stephen | |
| 245 | 0 | 0 |
_aASP.NET unleashed-(EBOOK) _cStephen Walther |
| 250 | _asecond edition | ||
| 260 |
_aIndianapolis, Ind. : _bSams , _c2004 |
||
| 300 |
_axix, 1459 s. : _bill. _eCD-ROM |
||
| 650 | 7 | _aInternet programming | |
| 650 | 7 | _aWeb servers | |
| 650 | 7 |
_aWeb sites _xDesign |
|
| 651 | _aEBOOK | ||
| 655 | 4 | _aBok | |
| 942 |
_2ddc _cBK |
||
| 999 |
_c191484 _d191484 |
||